| 000 | 006370000a22002050004500 | ||
|---|---|---|---|
| 090 |
_aAR _b00925 |
||
| 245 | 1 | 0 | _aVegetación en terrenos de diferentes edades en las Islas del alto río Amazonas, Peru |
| 650 | 1 | 4 |
_aBosques sucesionales _993581 |
| 650 | 1 | 4 |
_aEcología _992250 |
| 650 | 1 | 4 |
_aDinámica fluvial _994108 |
| 650 | 1 | 4 |
_aDisturbios _994055 |
| 651 | 4 |
_lRío Amazonas _pPerú _992749 |
|
| 041 | 0 | _aInglés | |
| 700 | 1 |
_aTuukki, Eeva _994109 |
|
| 700 | 1 |
_aKalliola, Risto _913574 |
|
| 700 | 1 |
_aSarmiento, Abel _994110 |
|
| 100 | 1 |
_aJokinen, Päivi _994111 |
|
| 942 | _cARTICULO | ||
| 773 | 1 |
_tFolia Amazonica _3331 _h2 _q1-20 _d1996 _g8 |
|
| 999 |
_c10013 _d10013 |
||